Statistics for U.K. Cities ChickOn’s Been To

Click here to take the quiz!

General Stats

  • This quiz has been taken 5 times
  • The average score is 4 of 7

Answer Stats

U.K. City% Correct
London
100%
Birmingham
75%
Liverpool
75%
Coventry
25%
Leicester
25%
Nottingham
25%
St. David’s
25%

Score Distribution

Percentile by Number Answered

Percent of People with Each Score

Your Score History

You have not taken this quiz